Montmeló : recull onomàstic / Enric Garcia-Pey, Montserrat Salvador Corros recull onomàstic / Enric Garcia-Pey, Montserrat Salvador Corros
ISBN:
84-606-3920-7
Descripción Física:
325 p. ; il. : 24 cm
Otros Autores:
Salvador Corros, Montserrat
MARC
| LEADER | 00000nam a2200000Ia 4500 | ||
|---|---|---|---|
| 001 | 17586 | ||
| 008 | 160829s9999 xx 000 0 cat d | ||
| 020 | |a 84-606-3920-7 | ||
| 080 | |a H-2-332 | ||
| 100 | |a Garcia-Pey, Enric |9 23332 | ||
| 245 | |a Montmeló : |b recull onomàstic / Enric Garcia-Pey, Montserrat Salvador Corros | ||
| 260 | |a [s.l.] : |b Ajuntament de Montmeló, [2005] | ||
| 300 | |a 325 p. ; |c il. : 24 cm | ||
| 590 | |a Conté un plànol de Montmeló desplegable. | ||
| 590 | |a Bibliografia | ||
| 650 | |a Onomàstica |x Montmeló |9 23333 | ||
| 650 | |a Topònims |x Montmeló |9 23334 | ||
| 650 | |a Antroponímia |9 23335 | ||
| 700 | |a Salvador Corros, Montserrat |9 23336 | ||
| 901 | |a Arxiu | ||
| 942 | |n 1 | ||
| 952 | |0 0 |1 0 |4 0 |6 H2332 |7 1 |9 42667 |a Arxiu |b Arxiu |d 2016-12-01 |l 0 |o H-2-332 |p 17586 |r 2016-12-01 00:00:00 |w 2016-12-01 |y ARXIU | ||
| 999 | |c 45173 |d 45173 | ||